000 00832nmm a2200265 a 4500
001 ocm000785857
003 TR-IsHL
005 20201028143530.0
008 140413s2014 tu eng
007 cr cn
020 _a9781304910684
035 _a785857
_b(N$T)
050 0 4 _aPS3545.E563
_bM35 2014
090 0 4 _aPS3545.E563
_bM35 2014
100 1 _aWells, Carolyn
245 1 0 _aThe mark of Cain
_h[electronic resource] /
_cCarolyn Wells
260 _aİstanbul :
_bE-Kitap Projesi,
_c2014
300 _a167 p.
650 4 _aSosyoloji
650 4 _aSociology
650 0 _aİngiliz romanı
650 0 _aEnglish fiction
650 7 _aLITERARY COLLECTIONS / European / English, Irish, Scottish, Welsh
_2bisacsh
856 4 0 _uhttp://search.ebscohost.com/login.aspx?direct=true&scope=site&db=e011xww&AN=785857
999 _c8948
_d8948